Die Verwaltung des "Hauses des Amun" in der 18. Dynastie /

Saved in:

Main Author: Eichler, Selke Susan (Author)

Format: Book

Language: German

Published: Hamburg : Buske, 2000.

Series: Studien zur altagyptischen Kultur. Beihefte. 7.
SAK (Beihefte) ; 7.

Subjects:

Tags: Add Tag

No Tags, Be the first to tag this record!

Call Number: DT57 .S925 v.7

LEADER 00839namaa2200265 4500
001 13363
003 OSt
005 20260422101355.0
008 130303s2000 gw 000 0 ger d
020 |a 3875482328 
040 |c ARCE Library 
050 4 |a DT57 .S925 v.7 
100 1 |a Eichler, Selke Susan,  |e author 
245 1 4 |a Die Verwaltung des "Hauses des Amun" in der 18. Dynastie /  |c Selke Susan Eichler. 
264 1 |a Hamburg :  |b Buske,  |c 2000.  
300 |a viii, 382 pages ;  |c 27 cm. 
490 1 |a Studien zur altagyptischen Kultur. Beihefte ;   |v 7. 
490 1 |a SAK (Beihefte) ;   |v 7. 
610 2 0 |a Temple of Amon (Karnak, Egypt)  
650 0 |a Temples  |z Egypt  |x Administration. 
830 0 |a Studien zur altagyptischen Kultur. Beihefte.   |v 7. 
830 0 |a SAK (Beihefte) ;   |v 7. 
901 |a reviewed 
942 |c BK  |2 lcc 
999 |c 13260  |d 13260